[Event "Muenster op-A 39th"]
[Site "Muenster"]
[Date "2022.10.08"]
[Round "9"]
[White "Rott, Georg"]
[Black "Stillger, Bernhard"]
[Result "1/2-1/2"]
[WhiteElo "2064"]
[BlackElo "2279"]
[PlyCount "118"]
[EventDate "2022.10.01"]
[EventType "swiss"]
[EventRounds "9"]
[EventCountry "GER"]
[SourceTitle "EXT 2023"]
[Source "ChessBase"]
[SourceDate "2022.10.05"]
[SourceVersion "1"]
[SourceVersionDate "2022.10.05"]
[SourceQuality "1"]

1. e4 c5 2. Nf3 d6 3. Bb5+ Nd7 4. 0-0 a6 5. Bd3 Ngf6 6. Re1 e5 7. c3 Be7 8. Bc2 0-0 9. d4 Re8 10. h3 b5 11. d5 c4 12. Be3 Rb8 13. Nbd2 Qc7 14. Nf1 Nc5 15. Ng3 g6 16. Qd2 Bf8 17. Bh6 Qe7 18. Bg5 Bg7 19. b4 cxb3 20. axb3 Qf8 21. b4 Ncd7 22. Bd3 Nb6 23. Nh2 h6 24. Be3 Kh7 25. Bxb6 Rxb6 26. c4 bxc4 27. Bxc4 Qe7 28. Ra4 Qc7 29. Bd3 Qb8 30. Rea1 Bd7 31. Rxa6 Rxb4 32. Nhf1 Rb2 33. Qe3 Rc8 34. Rc1 Rb3 35. Rxc8 Bxc8 36. Ra2 Nd7 37. Qe2 Nc5 38. Bc2 Rb2 39. Rxb2 Qxb2 40. Ne3 Bf6 41. Nc4 Qc1+ 42. Qd1 Qxd1+ 43. Bxd1 Be7 44. Bc2 Ba6 45. Ne3 Bg5 46. Ngf1 Kg7 47. f3 h5 48. Kf2 h4 49. Nd2 Kf8 50. Ndc4 Ke7 51. Na5 Kd7 52. Nec4 Kc7 53. g3 hxg3+ 54. Kxg3 Bf4+ 55. Kf2 Bb5 56. h4 Bh6 57. Kg3 Bf4+ 58. Kf2 Bh6 59. Kg3 Bf4+ 1/2-1/2

[Event "Muenster op-A 39th"]
[Site "Muenster"]
[Date "2022.10.04"]
[Round "5"]
[White "Ollenberger, Roland"]
[Black "Rott, Georg"]
[Result "0-1"]
[WhiteElo "2256"]
[BlackElo "2064"]
[PlyCount "116"]
[EventDate "2022.10.01"]
[EventType "swiss"]
[EventRounds "9"]
[EventCountry "GER"]
[SourceTitle "EXT 2023"]
[Source "ChessBase"]
[SourceDate "2022.10.05"]
[SourceVersion "1"]
[SourceVersionDate "2022.10.05"]
[SourceQuality "1"]

1. c4 e6 2. Nc3 d5 3. e3 Nf6 4. Nf3 c5 5. cxd5 exd5 6. d4 Nc6 7. Be2 a6 8. 0-0 Be7 9. b3 0-0 10. Bb2 Be6 11. Rc1 Ne4 12. dxc5 Nxc5 13. Nd4 Rc8 14. Nxc6 Rxc6 15. Bf3 Bf6 16. Ba3 Qa5 17. Nxd5 Bxd5 18. Bxd5 Rd8 19. Bxc5 Rxc5 20. Rxc5 Qxc5 21. e4 b6 22. Qf3 a5 23. Rd1 Rd7 24. g3 Bd4 25. Kg2 g6 26. h4 h5 27. Qf4 Kg7 28. Rc1 Qe7 29. Rc6 Bc5 30. Rc8 Rd6 31. f3 Rxd5 32. g4 Rd1 33. Rc7 Rg1+ 34. Kh3 Qf6 35. Qxf6+ Kxf6 36. g5+ Ke6 37. Rc6+ Kd7 38. Rf6 Ke7 39. f4 Bd6 40. e5 Bc5 41. e6 fxe6 42. Rxg6 Bf2 43. Rh6 Rg3+ 44. Kh2 Rg4 45. Rh7+ Kf8 46. Rh6 Rxh4+ 47. Kg2 Rxf4 48. Rxe6 Bc5 49. Kh3 Rg4 50. a3 Kf7 51. Rh6 Rxg5 52. b4 axb4 53. axb4 Bf2 54. Rh7+ Kg6 55. Re7 Rb5 56. Re4 Kf5 57. Re8 Bd4 58. Kh4 Bf6+ 0-1

[Event "BL2-West 2122"]
[Site "Germany"]
[Date "2022.07.02"]
[Round "9.6"]
[White "Rott, Georg"]
[Black "Ronge, Tim Hendrick"]
[Result "0-1"]
[WhiteElo "2149"]
[BlackElo "2245"]
[PlyCount "122"]
[EventDate "2022.03.05"]
[EventType "team-tourn"]
[EventRounds "10"]
[EventCountry "GER"]
[SourceTitle "EXT 2023"]
[Source "ChessBase"]
[SourceDate "2022.10.05"]
[SourceVersion "1"]
[SourceVersionDate "2022.10.05"]
[SourceQuality "1"]
[WhiteTeam "Muenster"]
[BlackTeam "Heimbach Weis/Neuwied"]
[WhiteTeamCountry "GER"]
[BlackTeamCountry "GER"]

1. e4 c5 2. Nf3 Nc6 3. Bb5 Nf6 4. Nc3 Qc7 5. a3 e6 6. 0-0 Nd4 7. Re1 a6 8. Bf1 Ng4 9. g3 Nxf3+ 10. Qxf3 Ne5 11. Qe2 d6 12. d3 Be7 13. Bg2 Nc6 14. Qd1 Bd7 15. Bd2 0-0 16. Ne2 Bf6 17. Rb1 b5 18. Be3 Rab8 19. Qd2 Nd4 20. Nc1 b4 21. Ne2 Nxe2+ 22. Qxe2 bxa3 23. bxa3 Bc3 24. Red1 Qa5 25. h4 Qxa3 26. h5 Qa2 27. Rbc1 a5 28. h6 g6 29. d4 cxd4 30. Bxd4 Bxd4 31. Rxd4 Rb1 32. Qd2 Rxc1+ 33. Qxc1 Rb8 34. Kh2 Qb2 35. Qd2 d5 36. exd5 e5 37. Rc4 Qb6 38. Qc3 f6 39. Qa3 Kf7 40. Qf3 Qd6 41. Qe3 Ra8 42. Qb3 Rb8 43. Qa2 Ra8 44. f4 exf4 45. Rxf4 g5 46. Rf2 f5 47. Kg1 Kg6 48. g4 Qe5 49. gxf5+ Bxf5 50. c4 Rb8 51. c5 Rb1+ 52. Rf1 Rb2 53. Qa3 Qd4+ 54. Kh2 Qh4+ 55. Kg1 Qd4+ 56. Kh2 Be4 57. Rg1 Bxd5 58. Qg3 Qxg1+ 59. Kxg1 Rxg2+ 60. Qxg2 Bxg2 61. Kxg2 Kf5 0-1

[Event "Muensterland op 38th"]
[Site "Muenster"]
[Date "2021.10.10"]
[Round "3"]
[White "Rott, Georg"]
[Black "Dann, Matthias"]
[Result "0-1"]
[WhiteElo "2159"]
[BlackElo "2475"]
[PlyCount "94"]
[EventDate "2021.10.08"]
[EventType "swiss"]
[EventRounds "9"]
[EventCountry "GER"]
[SourceTitle "EXT 2023"]
[Source "ChessBase"]
[SourceDate "2022.10.05"]
[SourceVersion "1"]
[SourceVersionDate "2022.10.05"]
[SourceQuality "1"]

1. e4 e5 2. Nf3 Nc6 3. Bb5 a6 4. Bxc6 dxc6 5. 0-0 Bg4 6. h3 Bh5 7. d3 f6 8. Be3 Bd6 9. Nbd2 Ne7 10. Qb1 c5 11. a3 a5 12. Nh2 Nc6 13. Nc4 Be7 14. Qe1 b5 15. Nd2 Nd4 16. Bxd4 cxd4 17. f4 exf4 18. Rxf4 0-0 19. Rf5 Be8 20. Nb3 Bd7 21. Rf1 c5 22. Nf3 a4 23. Nc1 Bd6 24. Ne2 Qc7 25. Kh1 f5 26. Qh4 h6 27. exf5 Rae8 28. Nfg1 Bxf5 29. Rf3 Bd7 30. Raf1 Rxf3 31. Rxf3 Bc6 32. Qh5 Re5 33. Rf5 Be8 34. Qf3 Re3 35. Qf2 Bd7 36. Rf3 Re8 37. Qh4 Re5 38. Rf2 Bc6 39. Qg4 Qd7 40. Qh4 Qe8 41. Ng3 Re1 42. Nf5 Re6 43. Nxd6 Rxd6 44. Re2 Qg6 45. Kh2 Rf6 46. Rf2 Rf5 47. Rxf5 Qxg2# 0-1

[Event "GER Cup final"]
[Site "Magdeburg"]
[Date "2020.08.22"]
[Round "5"]
[White "Rott, Georg"]
[Black "Gebigke, Martin"]
[Result "0-1"]
[WhiteElo "2150"]
[BlackElo "2077"]
[PlyCount "26"]
[EventDate "2020.08.20"]
[EventType "swiss"]
[EventRounds "5"]
[EventCountry "GER"]
[SourceTitle "EXT 2022"]
[Source "ChessBase"]
[SourceDate "2021.10.06"]
[SourceVersion "1"]
[SourceVersionDate "2021.10.06"]
[SourceQuality "1"]

1. e4 c5 2. Nf3 d6 3. Bb5+ Bd7 4. Bxd7+ Qxd7 5. c4 Nf6 6. Nc3 g6 7. d4 cxd4 8. Nxd4 Bg7 9. 0-0 0-0 10. f3 Rc8 11. b3 d5 12. exd5 Nxd5 13. Nce2 Nc3 0-1

[Event "GER Cup final"]
[Site "Magdeburg"]
[Date "2020.08.21"]
[Round "4"]
[White "Kueppers, Timo"]
[Black "Rott, Georg"]
[Result "1-0"]
[WhiteElo "2282"]
[BlackElo "2150"]
[PlyCount "75"]
[EventDate "2020.08.20"]
[EventType "swiss"]
[EventRounds "5"]
[EventCountry "GER"]
[SourceTitle "EXT 2022"]
[Source "ChessBase"]
[SourceDate "2021.10.06"]
[SourceVersion "1"]
[SourceVersionDate "2021.10.06"]
[SourceQuality "1"]

1. d4 Nf6 2. c4 e6 3. g3 d5 4. Bg2 Be7 5. Nf3 c6 6. Nbd2 Nbd7 7. 0-0 b6 8. Qc2 Bb7 9. e4 dxe4 10. Nxe4 c5 11. Nfg5 Nxe4 12. Nxe4 cxd4 13. Rd1 e5 14. f4 Rc8 15. fxe5 Nxe5 16. Bf4 Nxc4 17. Nf6+ Bxf6 18. Bxb7 Rc5 19. b4 Rc7 20. Bxc7 Qxc7 21. Qe4+ Kf8 22. Rac1 b5 23. Bc6 Qe7 24. Qxe7+ Kxe7 25. Bxb5 Ne3 26. Rc7+ Kd6 27. Rdc1 Rb8 28. a4 Rd8 29. Rxa7 Nd5 30. Rc6+ Ke5 31. Rc5 Kd6 32. Ra6+ Ke7 33. Bc4 Nxb4 34. Rc7+ Rd7 35. Rxd7+ Kxd7 36. Rb6 Nc2 37. Bd3 Kc7 38. Rxf6 1-0

[Event "GER Cup final"]
[Site "Magdeburg"]
[Date "2020.08.20"]
[Round "2"]
[White "Neyman, Igor"]
[Black "Rott, Georg"]
[Result "1/2-1/2"]
[WhiteElo "2345"]
[BlackElo "2150"]
[PlyCount "223"]
[EventDate "2020.08.20"]
[EventType "swiss"]
[EventRounds "5"]
[EventCountry "GER"]
[SourceTitle "EXT 2022"]
[Source "ChessBase"]
[SourceDate "2021.10.06"]
[SourceVersion "1"]
[SourceVersionDate "2021.10.06"]
[SourceQuality "1"]

1. d4 d5 2. c4 c6 3. Nc3 Nf6 4. Nf3 e6 5. Bg5 Nbd7 6. e3 Be7 7. Qc2 h6 8. Bh4 0-0 9. cxd5 Nxd5 10. Bxe7 Qxe7 11. Be2 N5f6 12. 0-0 e5 13. Rfd1 exd4 14. Rxd4 Nc5 15. Rad1 Bg4 16. Nh4 Bxe2 17. Nxe2 Ne6 18. Nf5 Qc7 19. R4d2 Rfd8 20. h3 Rxd2 21. Rxd2 Rd8 22. a3 Rd7 23. Qd1 Kf8 24. f3 Qd8 25. Rxd7 Qxd7 26. Qxd7 Nxd7 27. e4 Ne5 28. b3 c5 29. Nd6 b6 30. Kf2 Nc6 31. Nf5 Na5 32. Nc1 b5 33. Ke3 c4 34. b4 Nc6 35. Na2 a6 36. Nc3 h5 37. h4 g6 38. Nd6 Ncd4 39. a4 bxa4 40. Nxa4 Nc2+ 41. Kd2 Nxb4 42. Nxc4 Nc6 43. g3 f6 44. Ke3 Ke7 45. Ncb6 Kf7 46. Nd5 a5 47. Ndb6 g5 48. Nc4 gxh4 49. gxh4 Nf8 50. Kf2 Ng6 51. Kg3 Nge5 52. Nd6+ Kg6 53. f4 Nd3 54. Nc4 Nc1 55. Kf3 Nb3 56. Ke3 Nb4 57. Nd6 Na6 58. Nc4 Nb4 59. Nd6 Na1 60. Nc4 Nac2+ 61. Kd2 Nd4 62. Nxa5 Nf3+ 63. Ke2 Nxh4 64. Nc3 Ng2 65. Kf3 Ne1+ 66. Kg3 Nbd3 67. Nc6 Nc5 68. Ne7+ Kf7 69. Nf5 Ned3 70. Kf3 Ne6 71. Nd5 Ng7 72. Nxg7 Kxg7 73. Kg3 Kg6 74. Kh4 Nc5 75. Nc3 Kh6 76. f5 Nd3 77. Nd5 Kg7 78. Kxh5 Nc5 79. Nc3 Nd3 80. Kg4 Ne5+ 81. Kf4 Kf7 82. Ke3 Ke7 83. Nd5+ Kf7 84. Kd4 Nf3+ 85. Kc5 Ng5 86. Nc3 Ke7 87. Kc6 Nf3 88. Nd5+ Kf7 89. Kd6 Nd2 90. Nc3 Nc4+ 91. Kd5 Ne3+ 92. Kc5 Ng4 93. Kd6 Ne5 94. Nb5 Nc4+ 95. Kd7 Ne5+ 96. Kc7 Nd3 97. Kd8 Ne5 98. Nd6+ Kf8 99. Nb7 Kf7 100. Nc5 Nc6+ 101. Kc7 Ne5 102. Nd7 Nc4 103. Kc6 Ke7 104. Nc5 Ne5+ 105. Kd5 Ng4 106. Nd3 Ne3+ 107. Kd4 Nc2+ 108. Kc5 Ne3 109. Nf4 Ng4 110. Nd3 Ne3 111. Nf4 Ng4 112. Nd5+ 1/2-1/2

[Event "GER-ch Net blitz qual5"]
[Site "Playchess.com INT"]
[Date "2020.03.28"]
[Round "13"]
[White "Rott, Georg"]
[Black "Hoolt, Sarah"]
[Result "1-0"]
[WhiteElo "2149"]
[BlackElo "2334"]
[PlyCount "133"]
[EventDate "2020.03.28"]
[EventType "swiss (blitz)"]
[EventRounds "13"]
[EventCountry "GER"]
[SourceTitle "CBM 195 Extra"]
[Source "ChessBase"]
[SourceDate "2020.05.31"]
[SourceVersion "1"]
[SourceVersionDate "2020.05.31"]
[SourceQuality "1"]

1. e4 c5 2. Nf3 Nc6 3. Bb5 g6 4. Bxc6 dxc6 5. d3 Bg7 6. 0-0 Nf6 7. h3 Nd7 8. Nc3 e5 9. Be3 b6 10. Qd2 h6 11. Nh2 Nf8 12. f4 exf4 13. Bxf4 Ne6 14. Be3 Qe7 15. Nf3 Nd4 16. Rae1 Be6 17. b3 g5 18. Ne2 Nxf3+ 19. Rxf3 g4 20. hxg4 Bxg4 21. Rf4 h5 22. Ref1 Be6 23. a4 0-0-0 24. a5 Be5 25. R4f2 h4 26. Bf4 Bd4 27. Nxd4 cxd4 28. axb6 axb6 29. Ra1 Kb7 30. Bg5 Qd6 31. Bxd8 Rxd8 32. Qf4 Qe7 33. Qf6 Qc7 34. Qf4 Qe7 35. Qc1 Rg8 36. Qa3 Qxa3 37. Rxa3 h3 38. Kh2 hxg2 39. Rxg2 Rh8+ 40. Kg1 c5 41. Ra1 Rh3 42. Kf2 Re3 43. Rg3 Rxg3 44. Kxg3 Kc6 45. Kf4 Kb5 46. Ra4 Kc6 47. Ke5 Kb5 48. Kd6 Bg4 49. Ke7 Be6 50. Kd6 Bg4 51. Kc7 Be6 52. Kb7 Bg4 53. Ra6 Kb4 54. Kxb6 Bd7 55. Ra7 Be6 56. Ra4+ Kc3 57. Kxc5 Kxc2 58. Kxd4 Kxb3 59. Ra6 Kb4 60. Rxe6 fxe6 61. Ke5 Kc3 62. d4 Kc4 63. d5 exd5 64. exd5 Kc5 65. d6 Kc6 66. Ke6 Kb7 67. Ke7 1-0

[Event "GER-ch Net blitz qual4"]
[Site "Playchess.com INT"]
[Date "2020.03.23"]
[Round "7"]
[White "Rott, Georg"]
[Black "Ochmann, Reimund"]
[Result "0-1"]
[WhiteElo "2149"]
[BlackElo "1932"]
[PlyCount "30"]
[EventDate "2020.03.23"]
[EventType "swiss (blitz)"]
[EventRounds "9"]
[EventCountry "GER"]
[SourceTitle "CBM 195 Extra"]
[Source "ChessBase"]
[SourceDate "2020.05.31"]
[SourceVersion "1"]
[SourceVersionDate "2020.05.31"]
[SourceQuality "1"]

1. e4 e5 2. Nf3 Nc6 3. Bb5 a6 4. Bxc6 dxc6 5. 0-0 Bg4 6. h3 h5 7. d3 Qf6 8. Nbd2 Ne7 9. Re1 Ng6 10. d4 Bd6 11. hxg4 hxg4 12. Nxe5 Qh4 13. Kf1 Nf4 14. Ndf3 Qh1+ 15. Ng1 Qxg2# 0-1

[Event "GER-ch Net blitz qual3"]
[Site "Playchess.com INT"]
[Date "2020.03.21"]
[Round "4"]
[White "Hehn, Hartmut"]
[Black "Rott, Georg"]
[Result "1/2-1/2"]
[WhiteElo "1991"]
[BlackElo "2149"]
[PlyCount "126"]
[EventDate "2020.03.21"]
[EventType "swiss (blitz)"]
[EventRounds "9"]
[EventCountry "GER"]
[SourceTitle "CBM 195 Extra"]
[Source "ChessBase"]
[SourceDate "2020.05.31"]
[SourceVersion "1"]
[SourceVersionDate "2020.05.31"]
[SourceQuality "1"]

1. e4 e6 2. b3 d5 3. Bb2 Nf6 4. e5 Nfd7 5. f4 c5 6. Nf3 Nc6 7. Nc3 Be7 8. g3 a6 9. a4 b6 10. Bh3 Bb7 11. 0-0 0-0 12. Rc1 Nb4 13. Qe1 Qc7 14. d3 Qc6 15. Bg2 b5 16. axb5 axb5 17. g4 Na2 18. Nxa2 Rxa2 19. Rb1 d4 20. Rf2 Qc7 21. Re2 b4 22. f5 Rfa8 23. Qg3 Nf8 24. Bc1 Ra1 25. Rxa1 Rxa1 26. Re1 Qb8 27. Bf4 Qa8 28. Bd2 Rxe1+ 29. Nxe1 Bxg2 30. Nxg2 Qa1+ 31. Qe1 Qb2 32. Qd1 f6 33. Bf4 exf5 34. gxf5 fxe5 35. Bxe5 Nd7 36. Bf4 Kf8 37. Qe2 Nf6 38. Kf2 Nd5 39. Be5 Nc3 40. Qd2 Qb1 41. Ne1 Nd1+ 42. Ke2 Ne3 43. Bf4 Nxf5 44. Ng2 g6 45. Be5 Qg1 46. Kf3 Qf1+ 47. Qf2 Qd1+ 48. Qe2 Qh1 49. Bf4 Kf7 50. Bg3 Bf6 51. Qe4 Qd1+ 52. Qe2 Qxe2+ 53. Kxe2 Nxg3+ 54. hxg3 g5 55. g4 Ke6 56. Kf3 Ke5 57. Ne1 h6 58. Ng2 Bd8 59. Ne1 Bc7 60. Ng2 Kd5 61. Ke2 Bg3 62. Kf3 Be5 63. Ne1 Bd6 1/2-1/2

[Event "GER-ch Net blitz qual3"]
[Site "Playchess.com INT"]
[Date "2020.03.21"]
[Round "1"]
[White "Rott, Georg"]
[Black "Bashylina, Luisa"]
[Result "1/2-1/2"]
[WhiteElo "2149"]
[BlackElo "1975"]
[PlyCount "106"]
[EventDate "2020.03.21"]
[EventType "swiss (blitz)"]
[EventRounds "9"]
[EventCountry "GER"]
[SourceTitle "CBM 195 Extra"]
[Source "ChessBase"]
[SourceDate "2020.05.31"]
[SourceVersion "1"]
[SourceVersionDate "2020.05.31"]
[SourceQuality "1"]

1. e4 c5 2. Nf3 a6 3. c3 e6 4. d4 d5 5. e5 Bd7 6. Bd3 Bb5 7. Bc2 h5 8. a4 Bd7 9. h3 Nh6 10. Bf4 Nf5 11. 0-0 Nc6 12. Bxf5 exf5 13. dxc5 Be6 14. b4 Be7 15. Qd2 Rg8 16. Bg5 Bxg5 17. Nxg5 Nxe5 18. Nxe6 fxe6 19. Qe2 Qf6 20. Re1 Nc6 21. Qxe6+ Qxe6 22. Rxe6+ Kf7 23. Rd6 Rad8 24. Rxd8 Rxd8 25. b5 Ne5 26. Nd2 Rc8 27. Nb3 Nd3 28. c6 bxc6 29. b6 a5 30. Nxa5 Rb8 31. b7 Nc5 32. Rb1 Ke6 33. Rb6 Kd7 34. Kf1 Nxa4 35. Rxc6 Rxb7 36. Nxb7 Kxc6 37. Nd8+ Kd7 38. Nf7 Nxc3 39. Ne5+ Ke6 40. Ng6 d4 41. Ke1 Kf6 42. Nf4 Kg5 43. g3 h4 44. Ne6+ Kf6 45. Nxd4 hxg3 46. fxg3 Ne4 47. g4 f4 48. Ke2 g5 49. Kf3 Ng3 50. h4 gxh4 51. Kxf4 Nf1 52. Nf3 h3 53. g5+ Kg7 1/2-1/2

[Event "GER-ch Net blitz qual3"]
[Site "Playchess.com INT"]
[Date "2020.03.21"]
[Round "5"]
[White "Rott, Georg"]
[Black "Ensslinger, Colin"]
[Result "1-0"]
[WhiteElo "2149"]
[BlackElo "1773"]
[PlyCount "69"]
[EventDate "2020.03.21"]
[EventType "swiss (blitz)"]
[EventRounds "9"]
[EventCountry "GER"]
[SourceTitle "CBM 195 Extra"]
[Source "ChessBase"]
[SourceDate "2020.05.31"]
[SourceVersion "1"]
[SourceVersionDate "2020.05.31"]
[SourceQuality "1"]

1. e4 c5 2. Nf3 Nc6 3. Bb5 Nf6 4. Nc3 Nd4 5. Bc4 e6 6. e5 Ng8 7. Nxd4 cxd4 8. Ne4 d5 9. exd6 Bxd6 10. Bb5+ Ke7 11. Nxd6 Qxd6 12. 0-0 Nf6 13. d3 Bd7 14. Bxd7 Kxd7 15. Qf3 Qd5 16. Qg3 Nh5 17. Qh4 Rhg8 18. c4 dxc3 19. bxc3 Nf6 20. Be3 b6 21. c4 Qd6 22. d4 Rac8 23. c5 bxc5 24. dxc5 Qc6 25. Rfd1+ Ke7 26. Rd6 Qe4 27. Qg3 Nd5 28. h3 Nxe3 29. fxe3 Rgd8 30. Rad1 g6 31. Rxd8 Rxd8 32. Qc7+ Kf6 33. Qxd8+ Kg7 34. Qd4+ Qxd4 35. exd4 1-0

[Event "GER-ch Net blitz qual3"]
[Site "Playchess.com INT"]
[Date "2020.03.21"]
[Round "3"]
[White "Schulz, Karsten"]
[Black "Rott, Georg"]
[Result "1-0"]
[WhiteElo "2301"]
[BlackElo "2149"]
[PlyCount "41"]
[EventDate "2020.03.21"]
[EventType "swiss (blitz)"]
[EventRounds "9"]
[EventCountry "GER"]
[SourceTitle "CBM 195 Extra"]
[Source "ChessBase"]
[SourceDate "2020.05.31"]
[SourceVersion "1"]
[SourceVersionDate "2020.05.31"]
[SourceQuality "1"]

1. Nf3 d5 2. c4 c6 3. g3 Bg4 4. cxd5 Bxf3 5. exf3 cxd5 6. Qb3 Qd7 7. f4 e6 8. Bg2 Nf6 9. 0-0 Bc5 10. f5 e5 11. Nc3 e4 12. d3 Qxf5 13. Qxb7 0-0 14. Qxa8 Qd7 15. dxe4 Nc6 16. Qxf8+ Kxf8 17. exd5 Nb4 18. Bg5 Nfxd5 19. Nxd5 Nxd5 20. Rad1 Qf5 21. Rxd5 1-0

[Event "GER-ch Net blitz qual2"]
[Site "Playchess.com INT"]
[Date "2020.03.16"]
[Round "4"]
[White "Rott, Georg"]
[Black "Braeutigam, Katerina"]
[Result "1-0"]
[WhiteElo "2149"]
[BlackElo "1696"]
[PlyCount "53"]
[EventDate "2020.03.16"]
[EventType "swiss (blitz)"]
[EventRounds "9"]
[EventCountry "GER"]
[SourceTitle "CBM 195 Extra"]
[Source "ChessBase"]
[SourceDate "2020.05.31"]
[SourceVersion "1"]
[SourceVersionDate "2020.05.31"]
[SourceQuality "1"]

1. e4 c6 2. d4 d5 3. e5 Bf5 4. Nf3 e6 5. Be2 Ne7 6. 0-0 h6 7. Nbd2 Nd7 8. Nb3 Qc7 9. Be3 Bh7 10. Qd2 Nf5 11. c3 b6 12. a4 c5 13. Bb5 c4 14. Nc1 Be7 15. b3 cxb3 16. Nxb3 0-0 17. a5 bxa5 18. Rxa5 Nb6 19. Rfa1 f6 20. exf6 Bxf6 21. Bf4 Qb7 22. Nc5 Qe7 23. Ra6 e5 24. Bxe5 Bxe5 25. Nxe5 Nd6 26. Bd3 Ne4 27. Bxe4 1-0

[Event "GER-ch Net blitz qual2"]
[Site "Playchess.com INT"]
[Date "2020.03.16"]
[Round "9"]
[White "Rott, Georg"]
[Black "Michel, Steffen"]
[Result "1-0"]
[WhiteElo "2149"]
[BlackElo "2148"]
[PlyCount "95"]
[EventDate "2020.03.16"]
[EventType "swiss (blitz)"]
[EventRounds "9"]
[EventCountry "GER"]
[SourceTitle "CBM 195 Extra"]
[Source "ChessBase"]
[SourceDate "2020.05.31"]
[SourceVersion "1"]
[SourceVersionDate "2020.05.31"]
[SourceQuality "1"]

1. e4 c5 2. Nf3 a6 3. c3 e6 4. d4 d5 5. e5 Bd7 6. Bd3 cxd4 7. cxd4 Bb5 8. Nc3 Bxd3 9. Qxd3 Nc6 10. 0-0 h6 11. Be3 Nge7 12. a3 Rc8 13. Rac1 Nf5 14. Na4 Be7 15. b4 0-0 16. Nc5 Bxc5 17. Rxc5 b6 18. Rc3 b5 19. Rfc1 Na7 20. Rc5 Rxc5 21. Rxc5 Qd7 22. Bd2 Rc8 23. g4 Ne7 24. Qc2 Rxc5 25. Qxc5 Nac8 26. h3 Qc6 27. Kg2 Qxc5 28. bxc5 Nc6 29. Kf1 N8e7 30. Ke2 Kf8 31. Kd3 Ke8 32. Bc3 Kd7 33. Nd2 Ng6 34. Ke3 f6 35. f4 f5 36. Nb3 Nf8 37. Ba5 g6 38. Bb6 Nh7 39. Na5 Nxa5 40. Bxa5 Nf8 41. Kf3 Kc8 42. c6 Nh7 43. h4 Nf8 44. g5 h5 45. Ke3 Kb8 46. Kd3 Ka7 47. Kc3 Kb8 48. Kb4 1-0

[Event "GER-ch Net blitz qual1"]
[Site "Playchess.com INT"]
[Date "2020.03.07"]
[Round "5"]
[White "Hartmann, Lasse Elias"]
[Black "Rott, Georg"]
[Result "0-1"]
[WhiteElo "1620"]
[BlackElo "2149"]
[PlyCount "108"]
[EventDate "2020.03.07"]
[EventType "swiss (blitz)"]
[EventRounds "9"]
[EventCountry "GER"]
[SourceTitle "CBM 195 Extra"]
[Source "ChessBase"]
[SourceDate "2020.05.31"]
[SourceVersion "1"]
[SourceVersionDate "2020.05.31"]
[SourceQuality "1"]

1. e4 e6 2. d4 d5 3. Nc3 Bb4 4. e5 c5 5. a3 Bxc3+ 6. bxc3 Ne7 7. Qg4 0-0 8. Bh6 Ng6 9. Bg5 Qa5 10. Ne2 cxd4 11. Qxd4 Nc6 12. Qd2 Ncxe5 13. Nd4 Nc4 14. Bxc4 dxc4 15. 0-0 e5 16. Nf3 Bg4 17. Nh4 f6 18. Nxg6 hxg6 19. Be3 Rad8 20. Qc1 Qxc3 21. Rb1 b6 22. Rb4 Rd7 23. f3 Bf5 24. Rf2 Rfd8 25. Rb1 Rd1+ 26. Qxd1 Rxd1+ 27. Rxd1 Qxe3 28. Rd8+ Kf7 29. Rdd2 Qxa3 30. g4 Be6 31. Kg2 c3 32. Rd3 b5 33. f4 e4 34. Rh3 Bxg4 35. Rg3 f5 36. h3 Bf3+ 37. Kh2 Qc1 38. Rg1 Qe3 39. Rff1 Qe2+ 40. Kg3 Qxc2 41. Rf2 Qd3 42. h4 c2 43. Kh2 Bd1 44. Rg3 Qxg3+ 45. Kxg3 c1Q 46. Rf1 Qe3+ 47. Kg2 Bf3+ 48. Rxf3 Qxf3+ 49. Kg1 e3 50. Kh2 e2 51. h5 Qxf4+ 52. Kh3 e1Q 53. hxg6+ Kxg6 54. Kg2 Qfg3# 0-1

[Event "GER-ch Net blitz qual1"]
[Site "Playchess.com INT"]
[Date "2020.03.07"]
[Round "8"]
[White "Ribbe, Juergen"]
[Black "Rott, Georg"]
[Result "1/2-1/2"]
[WhiteElo "1982"]
[BlackElo "2149"]
[PlyCount "148"]
[EventDate "2020.03.07"]
[EventType "swiss (blitz)"]
[EventRounds "9"]
[EventCountry "GER"]
[SourceTitle "CBM 195 Extra"]
[Source "ChessBase"]
[SourceDate "2020.05.31"]
[SourceVersion "1"]
[SourceVersionDate "2020.05.31"]
[SourceQuality "1"]

1. d4 d5 2. Nc3 Nf6 3. Nf3 Bf5 4. e3 c6 5. Bd3 e6 6. Bxf5 exf5 7. Qd3 g6 8. Ne5 Nbd7 9. Nxd7 Qxd7 10. Bd2 Bd6 11. 0-0-0 0-0-0 12. Kb1 Kb8 13. f3 Rde8 14. Rde1 Re6 15. Ne2 Rhe8 16. Nf4 Bxf4 17. exf4 Rxe1+ 18. Rxe1 Rxe1+ 19. Bxe1 Qe6 20. Qd2 Ne8 21. b3 Nd6 22. Kb2 b6 23. Bf2 Kb7 24. Qe3 Qxe3 25. Bxe3 a5 26. a4 b5 27. Bd2 Ka6 28. axb5+ cxb5 29. Kc3 b4+ 30. Kd3 Kb5 31. h3 h5 32. Be1 Nc8 33. Bh4 a4 34. bxa4+ Kxa4 35. Bf6 Nb6 36. g4 Nc4 37. Be7 b3 38. cxb3+ Kxb3 39. Bc5 Nb2+ 40. Ke3 Kc3 41. gxf5 gxf5 42. Kf2 Nd3+ 43. Kg3 Kc4 44. Bb6 Ne1 45. Kf2 Nc2 46. Kg3 Nxd4 47. Kh4 Ne6 48. Kxh5 Nxf4+ 49. Kg5 Nxh3+ 50. Kxf5 d4 51. Kf6 d3 52. Be3 Ng1 53. Kxf7 Nxf3 54. Kf6 Nd4 55. Ke5 Nc2 56. Bd2 Nd4 57. Ke4 Ne6 58. Ke3 Nc5 59. Be1 Kb3 60. Kd2 Kc4 61. Ke3 Ne6 62. Bd2 Ng5 63. Ba5 Ne6 64. Kd2 Kd4 65. Bb6+ Ke4 66. Ba5 Ng5 67. Bc3 Nf3+ 68. Kd1 Kd5 69. Ba5 Kc4 70. Bd2 Nxd2 71. Kxd2 Kd4 72. Kd1 Kc3 73. Kc1 d2+ 74. Kd1 Kd3 1/2-1/2

[Event "GER-ch Net blitz qual1"]
[Site "Playchess.com INT"]
[Date "2020.03.07"]
[Round "2"]
[White "Rott, Georg"]
[Black "Henning, Marvin"]
[Result "0-1"]
[WhiteElo "2149"]
[BlackElo "1987"]
[PlyCount "62"]
[EventDate "2020.03.07"]
[EventType "swiss (blitz)"]
[EventRounds "9"]
[EventCountry "GER"]
[SourceTitle "CBM 195 Extra"]
[Source "ChessBase"]
[SourceDate "2020.05.31"]
[SourceVersion "1"]
[SourceVersionDate "2020.05.31"]
[SourceQuality "1"]

1. e4 c5 2. Nf3 Nc6 3. Bb5 Nd4 4. Nxd4 cxd4 5. Bc4 e6 6. Bb3 b5 7. d3 Bb7 8. 0-0 Qc7 9. Qh5 a6 10. a4 Nf6 11. Qg5 h6 12. Qg3 Bd6 13. Qh3 g5 14. Bxg5 Bxh2+ 15. Kh1 Be5 16. f4 hxg5 17. Qxh8+ Ke7 18. Qg7 Bxf4 19. axb5 Rg8 20. Qh6 Rg6 21. Qh8 g4 22. bxa6 Rh6+ 23. Qxh6 Bxh6 24. axb7 Qxb7 25. Na3 Nh5 26. Rfe1 Qc7 27. Nc4 Qg3 28. Re2 Bf4 29. Kg1 Qh2+ 30. Kf2 Bg3+ 31. Kf1 Qh1# 0-1

[Event "Oberliga NRW 1920"]
[Site "Germany"]
[Date "2020.01.26"]
[Round "5.7"]
[White "Rott, Georg"]
[Black "Werthebach, Felix"]
[Result "1-0"]
[WhiteElo "2058"]
[BlackElo "2166"]
[PlyCount "67"]
[EventDate "2019.09.15"]
[EventType "team-tourn"]
[EventRounds "9"]
[EventCountry "GER"]
[SourceTitle "EXT 2022"]
[Source "ChessBase"]
[SourceDate "2021.10.06"]
[SourceVersion "1"]
[SourceVersionDate "2021.10.06"]
[SourceQuality "1"]
[WhiteTeam "Muenster"]
[BlackTeam "Bochum SG"]
[WhiteTeamCountry "GER"]
[BlackTeamCountry "GER"]

1. e4 c5 2. Nf3 e6 3. c3 Nf6 4. e5 Nd5 5. d4 cxd4 6. cxd4 d6 7. a3 Nc6 8. Bd3 Be7 9. 0-0 0-0 10. Re1 Qb6 11. Be4 dxe5 12. dxe5 Rd8 13. Qc2 h6 14. Nbd2 Bd7 15. Nc4 Qc7 16. Ne3 Nxe3 17. Rxe3 Rac8 18. Rc3 Qb8 19. Qe2 Bf8 20. Bd2 Ne7 21. Re1 Rxc3 22. Bxc3 Bc6 23. Bb1 g6 24. h4 h5 25. Ng5 Bg7 26. g4 Nd5 27. Bd2 hxg4 28. Qxg4 Ne7 29. Bc3 Qc8 30. h5 Nf5 31. Nxf7 Kxf7 32. Qxg6+ Kg8 33. Bxf5 exf5 34. e6 1-0